000 00482nam a2200145Ia 4500
008 220217s9999 xx 000 0 und d
245 0 _aMethods of test for vulcanized rubbers. Part XV. Volume resistivity of electrically conducting and antistatic rubbers.
260 _c1971
500 _aStandard number: IS 3400 Part XV
650 _aAntistatic rubber
650 _aElectrically conducting rubber
650 _aVolume resistivity
650 _aVulcanized rubber
942 _cST
999 _c73688
_d73688